[Event "Rowy Seniors op 7th"]
[Site "Rowy"]
[Date "2003.09.05"]
[Round "6"]
[White "Picowski, Maksymilian"]
[Black "Wilczewski, Piotr"]
[Result "0-1"]
[WhiteElo "2000"]
[BlackElo "2040"]
[PlyCount "40"]
[EventDate "2003.08.??"]
[EventType "swiss"]
[EventRounds "9"]
[EventCountry "POL"]
[SourceTitle "EXT 2006"]
[Source "ChessBase"]
[SourceDate "2005.11.24"]
[SourceVersion "1"]
[SourceVersionDate "2005.11.24"]
[SourceQuality "1"]

1. e4 d5 2. exd5 Qxd5 3. Nc3 Qd8 4. Bc4 Nf6 5. d4 Bg4 6. Qd3 e6 7. a3 c6 8. Be3 Nbd7 9. f3 Bf5 10. Qe2 Nb6 11. Bb3 Be7 12. 0-0-0 Nfd5 13. Nxd5 cxd5 14. Kb1 Rc8 15. Nh3 h6 16. Nf4 Bh7 17. Nh5 0-0 18. f4 Nc4 19. Bxc4 Rxc4 20. f5 exf5 0-1

[Event "Rowy Seniors op 7th"]
[Site "Rowy"]
[Date "2003.09.04"]
[Round "5"]
[White "Zieba, Teofil"]
[Black "Picowski, Maksymilian"]
[Result "0-1"]
[WhiteElo "1800"]
[BlackElo "2000"]
[PlyCount "98"]
[EventDate "2003.08.??"]
[EventType "swiss"]
[EventRounds "9"]
[EventCountry "POL"]
[SourceTitle "EXT 2006"]
[Source "ChessBase"]
[SourceDate "2005.11.24"]
[SourceVersion "1"]
[SourceVersionDate "2005.11.24"]
[SourceQuality "1"]

1. e4 c5 2. Nf3 Nc6 3. d4 cxd4 4. Nxd4 e6 5. g3 d6 6. Bg2 a6 7. 0-0 Qc7 8. Nc3 Bd7 9. Be3 b5 10. a3 Rc8 11. Nxc6 Bxc6 12. Qd2 Be7 13. Rad1 h6 14. Rfe1 Nf6 15. h3 Bb7 16. Qd3 0-0 17. Rd2 Rfd8 18. Qe2 Kh7 19. Red1 Bf8 20. Bd4 e5 21. Be3 Qa5 22. f4 b4 23. Nd5 Nxd5 24. exd5 bxa3 25. bxa3 Qxa3 26. Rd3 Rc3 27. Rb1 Rxd3 28. Be4+ Kg8 29. Bxd3 Bxd5 30. Bxa6 exf4 31. Bxf4 Be6 32. Kh2 d5 33. Bd3 Bd6 34. Rg1 Qc3 35. Bxd6 Rxd6 36. Rb1 Rd8 37. Rb3 Qf6 38. Rb1 Qd4 39. Rf1 Rb8 40. Qe1 Qb4 41. Qe5 Rf8 42. Qe2 Qb8 43. Qe1 Qc8 44. h4 Bg4 45. Rf4 f5 46. Qe5 Qd7 47. Kg2 Re8 48. Bxf5 Rxe5 49. Bxd7 Bxd7 0-1